Normal view
MARC view
Entry Topical Term
001 - CONTROL NUMBER
- control field: 10401
003 - CONTROL NUMBER IDENTIFIER
- control field: ARRUPE
005 - DATE AND TIME OF LATEST TRANSACTION
- control field: 20140520140657.0
008 - FIXED-LENGTH DATA ELEMENTS
- fixed length control field: 140520|| aca||aabn | a|a d
040 ## - CATALOGING SOURCE
- Original cataloging agency: ARRUPE
- Transcribing agency: ARRUPE
150 ## - HEADING--TOPICAL TERM
- Topical term or geographic name as entry element: Vaalkrans, Battle of, South Africa, 1900.
670 ## - SOURCE DATA FOUND
- Source citation: Work cat.: (ARRUPE)0: Watt, Steve. 10398, The Battle of Vaalkrans :, 1999.